00634nam a2200217 i 4500003000900000005001700009007000300026008004100029040003000070041000800100082001900108110001500127245002200142264004100164300004200205336002700247337003300274338002800307650005800335650002300393DO-SdBNP20250728075629.0ta250728s1985 dr a r 000 0 spa d aDO-SdBNPbspacBNPHUerda aspa axxxxbC3572221 aEl Catador10aManual de vinos / 1aSanto Domingo :bIntergrafic,c1985. a83 páginas ;bilustracionesc24 cm. atextobtxt2rdacontent asin mediaciónbn2rdamedia avolumenbnc2rdacarrier 4aDerecho internacional privadozRepública Dominicana 0aConflicto de Leyes